00407nam a22001337a 4500003000400000008004100004082001600045100001800061245010700079260003200186300000900218502001500227650003100242OSt260423b |||||||| |||| 00| 0 eng d a634.6bR18Y aKumar, Ranjit aYield Potential and Physico-Chemical Characteristics of Some Litchi (Litchi Chinesis Sonn.) Varieties. aPusa, SamastipurbRAUc1999 a58P. bMsc.d1999 aFruit and Fruit Technology